[Event "Druzynowe Mistrzostwa Polski - II Liga 2023"]
[Site "Jastrzebia Gora"]
[Date "1899-12-30"]
[Round "1.54"]
[White "Mackiewicz, Anna"]
[Black "Michalska, Aleksandra"]
[Result "1-0"]
[WhiteTitle "k+"]
[BlackTitle "I++"]
[WhiteElo "1844"]
[BlackElo "1844"]

1. Nf3 Nf6 2. d4 e6 3. Bf4 b6 4. e3 Bb7 5. Bd3 Be7 6. c4 O-O 7. Nc3 d6 8. O-O c5
9. Qe2 Nbd7 10. Rfd1 cxd4 11. exd4 a6 12. b4 Ra7 13. a4 Qa8 14. d5 e5 15. Bg5
Re8 16. a5 bxa5 17. Rxa5 Bd8 18. Ne4 Bxa5 19. bxa5 Nxe4 20. Qxe4 Nf8 21. Be3 Bc8
22. Bxa7 Qxa7 23. Qh4 f5 24. Bc2 Qc7 25. Ba4 Rd8 26. Bc6 Ng6 27. Qg5 Qxa5 28.
h4 Qc7 29. h5 Nf4 30. h6 Ng6 31. hxg7 Kxg7 32. Nh4 Rf8 33. f4 Rf6 34. fxe5 dxe5
35. Nf3 h6 36. Qe3 f4 37. Qc5 Bd7 38. Rb1 Bxc6 39. Rb6 Qe7 40. Rxc6 Qxc5+ 41.
Rxc5 e4 42. Nd4 Ne7 43. Rc7 Kf8 44. Ra7 Rb6 45. Ne6+ Ke8 46. Nxf4 Rb1+ 47. Kh2
Rc1 48. d6 Nc6 49. Rc7 Rxc4 50. Ne6 Rd4 51. Rxc6 Rd2 52. Rxa6 e3 53. Kg3 Rd3 54.
Nc5 Rd5 55. Ra8+ Kf7 56. d7 e2 57. Kf2 Ke7 58. Re8+ 1-0

[Event "Druzynowe Mistrzostwa Polski - II Liga 2023"]
[Site "Jastrzebia Gora"]
[Date "1899-12-30"]
[Round "1.55"]
[White "Luba, Lukasz"]
[Black "Lis, Mateusz"]
[Result "1/2-1/2"]
[WhiteTitle "k"]
[BlackTitle "k"]
[WhiteElo "2054"]
[BlackElo "2043"]

1. d4 d5 2. Bf4 Nf6 3. e3 e6 4. Bd3 c5 5. c3 Nc6 6. Nf3 Qb6 7. b3 cxd4 8. exd4
Bd7 9. O-O Be7 10. Re1 O-O 11. Ne5 Rfd8 12. Re3 g6 13. Nd2 Nxe5 14. Bxe5 Be8 15.
Rh3 Nd7 16. Bf4 f6 17. Qe2 Bf7 18. Re1 Re8 19. Rxh7 e5 20. Qg4 Nf8 21. Rxf7 Kxf7
22. dxe5 fxe5 23. Bxe5 Bf6 24. Nf3 Bxe5 25. Nxe5+ Kg7 26. h4 Qf6 1/2-1/2

[Event "Druzynowe Mistrzostwa Polski - II Liga 2023"]
[Site "Jastrzebia Gora"]
[Date "1899-12-30"]
[Round "1.56"]
[White "Szolc, Grzegorz"]
[Black "Laszewicz, Pawel"]
[Result "1-0"]
[WhiteTitle "I++"]
[BlackTitle "k"]
[WhiteElo "2017"]
[BlackElo "1997"]

1. d4 Nf6 2. Bf4 d5 3. e3 c5 4. c3 e6 5. Nd2 Qb6 6. Qb3 c4 7. Qc2 Nh5 8. Bg3 Nxg3
9. hxg3 g6 10. b3 cxb3 11. axb3 Nc6 12. Ngf3 Bd7 13. Be2 Bg7 14. O-O O-O 15. e4
Rac8 16. Qb2 dxe4 17. Nxe4 Ne7 18. Ne5 Rfd8 19. Nc4 Qc7 20. Rxa7 Bc6 21. Nc5 Nd5
22. b4 Qb8 23. Ra3 Bb5 24. Ne5 Bxe2 25. Qxe2 b6 26. Na6 Qd6 27. Rc1 h5 28. Nf3
Nf6 29. Ra2 Ng4 30. b5 Bxd4 31. Nxd4 Qxd4 32. Rac2 Qc4 33. f3 Nf6 34. Qxc4 Rxc4
35. Nb4 Kf8 36. Kf2 Nd5 37. Nc6 Rc8 38. Ke2 Nc7 39. Ne5 Ra4 40. Nd7+ Ke7 41. Nxb6
Rc4 1-0

[Event "Druzynowe Mistrzostwa Polski - II Liga 2023"]
[Site "Jastrzebia Gora"]
[Date "1899-12-30"]
[Round "1.57"]
[White "Majocha, Piotr"]
[Black "Grochol, Kamil"]
[Result "1/2-1/2"]
[WhiteTitle "I++"]
[BlackTitle "I++"]
[WhiteElo "2004"]
[BlackElo "2093"]

1. c4 e6 2. Nf3 Nf6 3. g3 d5 4. Bg2 Be7 5. O-O O-O 6. b3 b6 7. Bb2 Bb7 8. Ne5 c5
9. d4 Qc7 10. cxd5 Bxd5 11. Bxd5 Nxd5 12. e4 Nf6 13. d5 exd5 14. exd5 Qd6 15.
Ng4 Nxd5 16. Qf3 h5 17. Ne5 Nc6 18. Nxc6 Qxc6 19. Nc3 Rad8 20. Qxh5 Bf6 21. Nxd5
Rxd5 22. Qe2 Rfd8 23. Bxf6 Qxf6 24. Rad1 Rxd1 25. Rxd1 Rxd1+ 26. Qxd1 g6 27. a4
Kg7 28. h4 Qc3 29. Qd5 Qb2 1/2-1/2

[Event "Druzynowe Mistrzostwa Polski - II Liga 2023"]
[Site "Jastrzebia Gora"]
[Date "1899-12-30"]
[Round "1.58"]
[White "Kukula, Karol"]
[Black "Machlowski, Slawomir"]
[Result "1-0"]
[WhiteTitle "I++"]
[BlackTitle "I+"]
[WhiteElo "1978"]
[BlackElo "1960"]

1. e4 e6 2. d4 d5 3. Nd2 h6 4. Ngf3 Nf6 5. Bd3 c5 6. c3 Nc6 7. O-O Qb6 8. exd5
Nxd5 9. Ne4 cxd4 10. cxd4 Be7 11. Nc3 O-O 12. Nxd5 exd5 13. b3 Bg4 14. Be3 Bf6
15. h3 Bxf3 16. Qxf3 Bxd4 17. Bxd4 Qxd4 18. Rad1 Qe5 19. Rfe1 Qg5 20. Bb5 Rfd8
21. Bxc6 bxc6 22. Qc3 Qf6 23. Qxf6 gxf6 24. Re7 a5 25. Rc7 Rdc8 26. Rb7 a4 27.
b4 Rab8 28. Rxb8 Rxb8 29. a3 Kf8 30. Rc1 Rb6 31. Rc5 Ke7 32. Ra5 Kd6 33. f4 Rb5
34. Rxa4 d4 35. Kf2 c5 36. Ra6+ Kd5 37. bxc5 Rxc5 38. Rxf6 Ke4 39. Rxf7 Kd3 40.
Rd7 Rc4 41. f5 Kc2 42. f6 d3 43. f7 Rf4+ 44. Ke3 Rf6 45. Rxd3 Rxf7 46. Rd6 h5
47. a4 Kb3 48. a5 Rf5 49. a6 Ra5 50. Kf4 Kc4 51. Rg6 Kd4 52. Rg5 Rxa6 53. Rxh5
Ra1 54. g4 Rf1+ 55. Kg3 Ke4 56. Rh8 Rf3+ 57. Kh4 Rf7 58. Kg5 Kf3 59. Ra8 Rh7 60.
Ra3+ Ke4 61. Kg6 Rh8 62. g5 Rb8 63. h4 Rb6+ 64. Kh5 Rb8 65. g6 Rb5+ 66. Kh6 Rb6
67. Kh7 Rb5 68. g7 Rh5+ 69. Kg6 1-0

[Event "Druzynowe Mistrzostwa Polski - II Liga 2023"]
[Site "Jastrzebia Gora"]
[Date "1899-12-30"]
[Round "1.59"]
[White "Sypien, Natan"]
[Black "Zabron, Maksym"]
[Result "1-0"]
[WhiteTitle "I"]
[BlackTitle "I++"]
[WhiteElo "1770"]
[BlackElo "1993"]

1. e4 c5 2. Nf3 a6 3. c4 Nc6 4. d4 cxd4 5. Nxd4 e5 6. Nf5 d5 7. cxd5 Bxf5 8. exf5
Nd4 9. Bd3 Nf6 10. Nc3 Nxd5 11. Nxd5 Qxd5 12. O-O Be7 13. Re1 O-O 14. Be4 Qb5
15. Qg4 Kh8 16. Be3 Bf6 17. Qh5 Qd7 18. Rad1 Rad8 19. Rd3 Qa4 20. Bc1 Rfe8 21.
Rh3 Kg8 22. Qxh7+ Kf8 23. Qh5 Qc4 24. Bd3 Qb4 25. Rhe3 Nc6 26. Be4 Nd4 27. g4
g6 28. fxg6 fxg6 29. Qxg6 Ke7 30. a3 Qd6 31. Qh7+ Ke6 32. Bf5+ Kd5 33. Qxb7+ Qc6
34. Be4+ 1-0

[Event "Druzynowe Mistrzostwa Polski - II Liga 2023"]
[Site "Jastrzebia Gora"]
[Date "1899-12-30"]
[Round "1.60"]
[White "Pisarek, Elzbieta"]
[Black "Dmochowska, Agnieszka"]
[Result "0-1"]
[WhiteTitle "I++"]
[BlackTitle "WFM"]
[WhiteElo "1779"]
[BlackElo "2040"]

1. e4 c5 2. Nf3 Nc6 3. d4 cxd4 4. Nxd4 e5 5. Nb5 d6 6. N1c3 a6 7. Na3 b5 8. Nd5
Nge7 9. c4 Nd4 10. Be3 Nxd5 11. cxd5 g6 12. Nc2 Bg7 13. Bd3 O-O 14. O-O f5 15.
Bxd4 exd4 16. exf5 gxf5 17. Qh5 Qf6 18. Rfe1 Bd7 19. Rad1 Rae8 20. Nb4 Re5 21.
f4 Re3 22. Nc2 Be8 23. Qg5 Qxg5 24. fxg5 Re5 25. Nb4 Bh5 26. Rc1 Re3 27. Bb1 f4
28. Rxe3 dxe3 29. b3 Bd4 30. Nd3 e2+ 31. Nf2 Re8 32. Re1 Bc3 33. Nd3 Bg6 34. Kf2
Bxe1+ 35. Kxe1 Re3 0-1

[Event "Druzynowe Mistrzostwa Polski - II Liga 2023"]
[Site "Jastrzebia Gora"]
[Date "1899-12-30"]
[Round "1.61"]
[White "Niekras, Dawid"]
[Black "Suder, Jakub"]
[Result "1/2-1/2"]
[WhiteTitle "FM"]
[BlackTitle "FM"]
[WhiteElo "2298"]
[BlackElo "2304"]

1. e4 c5 2. Nc3 e6 3. Nf3 Nc6 4. d4 cxd4 5. Nxd4 Nf6 6. a3 Bc5 7. Nxc6 dxc6 8.
Qxd8+ Kxd8 9. e5 Nd5 10. Ne4 Bd4 11. Ng5 Ke8 12. Nf3 Bb6 13. h4 c5 14. h5 h6 15.
Bd3 Bd7 16. Bd2 Bc6 17. c4 Ne7 18. O-O-O Bc7 19. Rde1 Rd8 20. Be4 Rd7 21. Bxc6
Nxc6 22. Rh4 Ne7 23. Bc3 Nf5 24. Rhe4 g5 25. Nh2 Bd8 26. Ng4 Be7 27. Kc2 Kd8 28.
Ne3 Nh4 29. Rd1 Rf8 30. g3 Rxd1 31. Kxd1 Nf5 32. Ke2 Kd7 33. Nf1 f6 34. Nd2 Ng7
35. exf6 Bxf6 36. Bxf6 Rxf6 37. g4 Ne8 38. Re3 Nd6 1/2-1/2

[Event "Druzynowe Mistrzostwa Polski - II Liga 2023"]
[Site "Jastrzebia Gora"]
[Date "1899-12-30"]
[Round "1.62"]
[White "Dziewonski, Dariusz"]
[Black "Zakrzewski, Marek"]
[Result "1-0"]
[WhiteTitle "k"]
[BlackTitle "FM"]
[WhiteElo "2204"]
[BlackElo "2306"]

1. e4 c5 2. Nf3 d6 3. Bb5+ Bd7 4. Bxd7+ Nxd7 5. O-O Ngf6 6. Qe2 e6 7. c3 Be7 8.
d4 O-O 9. Bg5 h6 10. Bxf6 Nxf6 11. dxc5 dxc5 12. c4 Qc7 13. Nc3 Rfd8 14. Rfd1
a6 15. g3 Nd7 16. e5 Nb8 17. Rxd8+ Qxd8 18. Rd1 Qc7 19. Nd2 Nc6 20. f4 Nd4 21.
Qd3 Rd8 22. Nf3 Qc6 23. Nxd4 cxd4 24. Ne4 b5 25. c5 Rd5 26. b4 Qa8 27. a3 Qc6
28. Ra1 Bd8 29. Ra2 Be7 30. Rd2 f6 31. Nxf6+ Bxf6 32. exf6 Kf7 33. fxg7 Kxg7 34.
Re2 Rd8 35. Qe4 Qxe4 36. Rxe4 d3 37. Re1 d2 38. Rd1 Kf6 39. Kf2 Rd3 40. g4 Ke7
41. h4 a5 42. bxa5 Rxa3 43. Rxd2 b4 44. c6 Rxa5 45. Rc2 b3 46. c7 Ra2 47. Rxa2
bxa2 48. c8=Q a1=Q 49. Qc7+ Kf8 50. Qd6+ Kf7 51. Qd7+ Kf8 52. Qxe6 Qb2+ 53. Kf3
Qc3+ 54. Ke4 Qc2+ 55. Ke5 Qc5+ 56. Kf6 Qd4+ 57. Kg6 Qg7+ 58. Kh5 Qb2 59. Qf5+
Kg8 60. Qg6+ Kf8 61. Qxh6+ Kf7 62. Qg6+ Kf8 63. Qf5+ Kg8 64. Qd5+ Kf8 65. Qe5
Qb6 66. Qh8+ Kf7 67. Qh7+ Kf8 68. Qh6+ 1-0

[Event "Druzynowe Mistrzostwa Polski - II Liga 2023"]
[Site "Jastrzebia Gora"]
[Date "1899-12-30"]
[Round "1.63"]
[White "Selbes, Tamer Tarik"]
[Black "Mirski, Michal"]
[Result "1-0"]
[WhiteTitle "FM"]
[BlackTitle "I++"]
[WhiteElo "2225"]
[BlackElo "1995"]

1. e4 c5 2. Nf3 g6 3. c3 Bg7 4. d4 cxd4 5. cxd4 d5 6. e5 Bg4 7. h3 Bxf3 8. Qxf3
Nc6 9. Bb5 e6 10. Bxc6+ bxc6 11. O-O Qb6 12. Be3 c5 13. dxc5 Qxb2 14. Nd2 Rc8
15. Rab1 Qxe5 16. Rb7 Ne7 17. Rfb1 Qf5 18. Qd1 d4 19. Nc4 Qxc5 20. Qa4+ Nc6 21.
R1b5 Qf8 22. Bf4 e5 23. Bxe5 Bxe5 24. Rxe5+ Kd8 25. Rd5+ 1-0

[Event "Druzynowe Mistrzostwa Polski - II Liga 2023"]
[Site "Jastrzebia Gora"]
[Date "1899-12-30"]
[Round "1.64"]
[White "Pietrzak, Tomasz"]
[Black "Bajerlein, Dawid"]
[Result "1/2-1/2"]
[WhiteTitle "I"]
[BlackTitle "k+"]
[WhiteElo "1786"]
[BlackElo "2064"]

1. Nf3 Nf6 2. c4 d6 3. b3 g6 4. Bb2 Bg7 5. g3 e5 6. Bg2 O-O 7. O-O Nc6 8. Nc3 h6
9. d3 Be6 10. a3 a5 11. Ne1 Qd7 12. Nc2 Bh3 13. b4 Bxg2 14. Kxg2 Nh7 15. Nd5 Ng5
16. Qc1 f5 17. f4 Ne6 18. e3 exf4 19. gxf4 Rae8 20. Rb1 axb4 21. axb4 Ne7 22.
Bxg7 Nxg7 23. Nxe7+ Rxe7 24. Rf3 g5 25. b5 Rf6 26. Nb4 c6 27. bxc6 bxc6 28. Qb2
Rg6 29. Kh1 g4 30. Rg3 Nh5 31. Rg2 Rxe3 32. Qd4 Rge6 33. Ra1 Re1+ 34. Rg1 Rxg1+
35. Kxg1 Qe8 36. Kf1 c5 37. Qd5 Nxf4 38. Qxf5 Qf7 39. Ra8+ Kg7 40. Qxf7+ Kxf7
41. Nc6 Re3 42. d4 Rf3+ 43. Ke1 Rh3 44. dxc5 Nd3+ 45. Kf1 Nxc5 46. Kg2 Rc3 47.
Rd8 Ne4 48. Nd4 Kf6 49. Re8 Ng5 50. Nb5 Rd3 51. Nc7 Kf5 52. Rf8+ Ke4 53. Nd5 Rf3
54. Rd8 Nf7 55. Rg8 h5 56. Rg6 Ke5 57. Rg7 Kd4 58. Rh7 Kxc4 59. Rxh5 Ne5 60. Ne7
Nd3 61. Rf5 Nf4+ 62. Kg1 Ne2+ 63. Kg2 Nf4+ 64. Kg1 d5 65. Nxd5 Nxd5 66. Rxf3 gxf3
67. Kf2 Kd4 68. Kxf3 1/2-1/2

[Event "Druzynowe Mistrzostwa Polski - II Liga 2023"]
[Site "Jastrzebia Gora"]
[Date "1899-12-30"]
[Round "1.65"]
[White "Bernat, Marcin"]
[Black "Soliwoda, Zygmunt"]
[Result "1/2-1/2"]
[WhiteTitle "k"]
[BlackTitle "I"]
[WhiteElo "1959"]
[BlackElo "1752"]

1. d4 Nf6 2. c4 e6 3. g3 d5 4. Nf3 b6 5. Bg2 Bd6 6. O-O O-O 7. Nc3 Bb7 8. cxd5
Nxd5 9. Bg5 Nxc3 10. bxc3 Be7 11. Bf4 Bd6 12. Bg5 Be7 13. Bf4 Bd6 1/2-1/2

[Event "Druzynowe Mistrzostwa Polski - II Liga 2023"]
[Site "Jastrzebia Gora"]
[Date "1899-12-30"]
[Round "1.66"]
[White "Uliasz, Katarzyna"]
[Black "Kostecka, Marika"]
[Result "1/2-1/2"]
[WhiteTitle "I++"]
[BlackTitle "WCM"]
[WhiteElo "1764"]
[BlackElo "1928"]

1. g3 Nf6 2. Bg2 d5 3. Nf3 g6 4. O-O Bg7 5. d3 O-O 6. Re1 Re8 7. Ne5 Nbd7 8. Nxd7
Bxd7 9. c4 c6 10. cxd5 cxd5 11. Nc3 d4 12. Ne4 Nxe4 13. Bxe4 Qb6 14. b4 Qxb4 15.
Bd2 Qb2 16. Bd5 Rab8 17. Rb1 Qa3 18. Bxb7 Qxa2 19. Ra1 Qe6 20. Ra6 Qe5 21. Bf3
1/2-1/2

[Event "Druzynowe Mistrzostwa Polski - II Liga 2023"]
[Site "Jastrzebia Gora"]
[Date "1899-12-30"]
[Round "1.67"]
[White "Balinski, Damian"]
[Black "Sopur, Lech"]
[Result "1/2-1/2"]
[WhiteTitle "k"]
[BlackTitle "m"]
[WhiteElo "2196"]
[BlackElo "2415"]

1. c4 Nf6 2. g3 c6 3. Nf3 d5 4. b3 Bf5 5. Bb2 e6 6. Bg2 Nbd7 7. O-O h6 8. d4 Qb6
9. Nbd2 Ne4 10. Nxe4 Bxe4 11. Nd2 Bxg2 12. Kxg2 Nf6 13. Qc2 Bb4 14. Bc3 a5 15.
a3 Be7 16. a4 O-O 17. Nf3 Rfd8 18. c5 Qc7 19. Bd2 b6 20. b4 axb4 21. Bxb4 bxc5
22. Bxc5 Bxc5 23. Qxc5 Ra5 24. Qa3 Ne4 25. Rfc1 Rda8 26. Ne5 R8a6 27. f3 f6 28.
Nd3 Qa7 29. Qb2 Rb6 30. Qc2 Nd6 31. Nc5 e5 32. e3 Nc4 33. Qc3 Qb8 34. Kh1 Rb2
35. Qe1 Nd2 36. Qd1 Nc4 37. Qe1 Ra8 38. Rab1 Kh8 39. Rxb2 Qxb2 40. Rb1 Qc2 41.
Rc1 Qf5 42. Qf2 Rb8 43. Re1 Qg5 44. Re2 Rb1+ 45. Kg2 Rd1 46. f4 exf4 47. Qxf4
Qh5 48. g4 Qe8 49. h4 Qe7 50. h5 Qe8 51. a5 f5 52. Qxf5 Nxe3+ 53. Rxe3 Qxe3 54.
Qf8+ Kh7 55. Qf5+ Kg8 56. Qc8+ Kf7 57. Qf5+ Kg8 58. Qc8+ Kf7 59. Qf5+ 1/2-1/2

[Event "Druzynowe Mistrzostwa Polski - II Liga 2023"]
[Site "Jastrzebia Gora"]
[Date "1899-12-30"]
[Round "1.68"]
[White "Goszczynski, Andrzej"]
[Black "Zerebiec, Maurycy"]
[Result "1-0"]
[WhiteTitle "I+"]
[BlackTitle "I++"]
[WhiteElo "2076"]
[BlackElo "1971"]

1. e4 e6 2. d4 d5 3. e5 b6 4. Bb5+ c6 5. Ba4 Ba6 6. Ne2 Ne7 7. O-O h5 8. Bg5 Qc8
9. h4 Nf5 10. Re1 Be7 11. Bxe7 Bxe2 12. Qxe2 Kxe7 13. Qd2 b5 14. Bb3 c5 15. dxc5
Qxc5 16. c3 Rh6 17. Bc2 Rg6 18. Bxf5 exf5 19. Na3 Nd7 20. Nc2 Kf8 21. Rad1 Nb6
22. Qd4 Qc4 23. Ne3 Qc6 24. Qb4+ Kg8 25. Nxf5 Re8 26. Ne7+ Rxe7 27. Qxe7 d4 28.
g3 Qf3 29. Qd8+ Kh7 30. Qxd4 Nc4 31. Qe4 Nxe5 32. Qxe5 f5 33. Qe2 Rxg3+ 34. fxg3
Qxg3+ 35. Qg2 Qxh4 36. Re6 1-0

[Event "Druzynowe Mistrzostwa Polski - II Liga 2023"]
[Site "Jastrzebia Gora"]
[Date "1899-12-30"]
[Round "1.69"]
[White "Grzesik, Norbert"]
[Black "Gradowski, Jacek"]
[Result "1/2-1/2"]
[WhiteTitle "I++"]
[BlackTitle "k"]
[WhiteElo "1857"]
[BlackElo "2072"]

1. e4 e5 2. Nf3 Nc6 3. Bc4 Bc5 4. c3 Nf6 5. d3 d6 6. O-O a6 7. Bb3 h6 8. Nbd2 O-O
9. Re1 b5 10. Nf1 Re8 11. Ng3 Be6 12. Bxe6 fxe6 13. d4 Bb6 14. dxe5 Nxe5 15. Nxe5
dxe5 16. Be3 Bxe3 17. Rxe3 Qxd1+ 18. Rxd1 Red8 19. Red3 Rxd3 20. Rxd3 Kf7 21.
f3 Ke7 22. Kf2 1/2-1/2

[Event "Druzynowe Mistrzostwa Polski - II Liga 2023"]
[Site "Jastrzebia Gora"]
[Date "1899-12-30"]
[Round "1.70"]
[White "Flis, Pawel"]
[Black "Kossobudzki, Robert"]
[Result "0-1"]
[WhiteTitle "CM"]
[BlackTitle "I"]
[WhiteElo "1948"]
[BlackElo "1965"]

1. e4 c5 2. Nf3 a6 3. c3 g6 4. d4 cxd4 5. cxd4 d5 6. exd5 Bg7 7. Nc3 Nf6 8. Qb3
O-O 9. Be2 Nbd7 10. d6 exd6 11. O-O Nb6 12. Rd1 Re8 13. Be3 h6 14. h3 d5 15. a4
Be6 16. Ne5 Rc8 17. a5 Nc4 18. Nxc4 dxc4 19. Qxb7 Nd5 20. Bf3 Rb8 21. Qc6 Nb4
22. Qe4 Bf5 23. Qf4 Nd3 24. Qg3 Nxb2 25. Rd2 Nd3 26. Ra4 Bxd4 27. Bxd4 Qxd4 28.
Nd5 Rb1+ 29. Kh2 Ree1 30. Qd6 Qh4 31. g4 Nxf2 32. Qg3 Nxg4+ 33. Bxg4 Rh1+ 0-1

[Event "Druzynowe Mistrzostwa Polski - II Liga 2023"]
[Site "Jastrzebia Gora"]
[Date "1899-12-30"]
[Round "1.71"]
[White "Paprocki, Artur"]
[Black "Redlich, Bogdan"]
[Result "0-1"]
[WhiteTitle "I"]
[BlackTitle "k"]
[WhiteElo "1754"]
[BlackElo "1788"]

1. c4 Nf6 2. Nc3 g6 3. e4 d6 4. g3 Bg7 5. Bg2 e5 6. Nge2 Be6 7. d3 Nc6 8. h3 O-O
9. O-O Qd7 10. Kh2 Ne7 11. b3 c6 12. f4 Ne8 13. d4 exd4 14. Nxd4 f5 15. Bb2 fxe4
16. Nxe4 Nf5 17. Qd2 Nxd4 18. Bxd4 Bxd4 19. Qxd4 Bf5 20. Nc3 Qg7 21. Rad1 Rd8
22. Rfe1 h5 23. Bf3 Rf7 24. Re3 Qxd4 25. Rxd4 Nf6 26. Re2 Kf8 27. Rdd2 Re7 28.
Rxe7 Kxe7 29. Kg2 Kd7 30. Re2 Re8 31. Rxe8 Kxe8 32. h4 Ke7 33. Kf2 Kd7 34. Ke3
Ke6 35. Ne2 Ng4+ 36. Bxg4 Bxg4 37. Nd4+ Kf6 38. a3 a6 39. Kd2 Bd7 40. Ke3 c5 41.
Ne2 Kf5 42. Nc3 Bc6 43. a4 b6 44. Kf2 Ke6 45. Nb1 d5 46. cxd5+ Bxd5 47. Nd2 b5
48. axb5 axb5 49. Ke3 Kf5 50. Kf2 c4 51. bxc4 bxc4 52. Nb1 Ke4 53. Ke2 Kd4 54.
Kd2 Be4 55. Nc3 Bd3 56. Nd1 Ke4 57. Nf2+ Kf3 58. Nxd3 cxd3 59. Kxd3 Kxg3 60. Ke4
Kxh4 0-1

[Event "Druzynowe Mistrzostwa Polski - II Liga 2023"]
[Site "Jastrzebia Gora"]
[Date "1899-12-30"]
[Round "1.72"]
[White "Posuniak, Weronika"]
[Black "Dwilewicz, Agata"]
[Result "1-0"]
[WhiteTitle "k+"]
[BlackTitle "k"]
[WhiteElo "1907"]
[BlackElo "1769"]

1. d4 Nf6 2. c4 e6 3. Nc3 d5 4. Nf3 Be7 5. Bg5 O-O 6. e3 h6 7. Bh4 c6 8. cxd5 exd5
9. Qc2 Be6 10. Bd3 Nbd7 11. O-O Nh5 12. Bxe7 Qxe7 13. h3 f5 14. Ne2 g5 15. Ng3
Nxg3 16. fxg3 Qd6 17. Kh2 Rf7 18. b4 Raf8 19. Rac1 a6 20. a4 Rf6 21. b5 axb5 22.
axb5 cxb5 23. Bxb5 f4 24. exf4 gxf4 25. g4 Nb6 26. Ne5 Rc8 27. Qe2 Qf8 28. Rxc8
Nxc8 29. Bd3 Nd6 30. Qc2 Qe7 31. Qc1 Qf8 32. Qc7 Ne4 33. Qxb7 Qg7 34. Qa8+ Qf8
35. Qxf8+ Kxf8 36. Bxe4 dxe4 37. Rxf4 Rxf4 38. Ng6+ Kf7 39. Nxf4 Bc4 40. Kg3 Ba2
41. Kf2 Bb1 42. Ke3 Bc2 43. g3 Bb1 44. Nd5 Bd3 45. h4 Bc2 46. Nc3 Ke6 47. Nxe4
Bd1 48. g5 h5 49. Kf4 Bc2 50. Nf6 Bg6 51. g4 hxg4 52. Kxg4 1-0

[Event "Druzynowe Mistrzostwa Polski - II Liga 2023"]
[Site "Jastrzebia Gora"]
[Date "1899-12-30"]
[Round "1.73"]
[White "Kolosowski, Pawel"]
[Black "Janocha, Wieslaw"]
[Result "1/2-1/2"]
[WhiteTitle "m"]
[BlackTitle "FM"]
[WhiteElo "2141"]
[BlackElo "2208"]

1. e4 c5 2. Nc3 Nc6 3. g3 g6 4. Bg2 Bg7 5. d3 e6 6. Be3 d6 7. Qd2 Nge7 8. h4 h5
9. Nge2 e5 10. Nd5 Nxd5 11. exd5 Nd4 12. Qc1 Nxe2 13. Kxe2 O-O 14. Bh6 f5 15.
Bxg7 Kxg7 16. f4 b6 17. Qe3 Re8 18. Kd2 Bb7 19. Rae1 Qf6 20. Kc1 Re7 21. Re2 Rae8
22. Rhe1 Kf7 23. c4 Bc8 24. Qd2 exf4 25. Rxe7+ Rxe7 26. Rxe7+ Qxe7 27. Qxf4 Qe1+
28. Kc2 Qe2+ 29. Qd2 Qxd2+ 30. Kxd2 g5 31. hxg5 Kg6 32. Bf3 Kxg5 33. Ke3 Bd7 34.
d4 cxd4+ 35. Kxd4 h4 36. gxh4+ Kxh4 37. b4 Kg3 38. Be2 f4 39. c5 f3 40. Bd3 Kf4
41. c6 Bc8 42. Bf1 f2 43. a4 Bf5 44. a5 bxa5 1/2-1/2

[Event "Druzynowe Mistrzostwa Polski - II Liga 2023"]
[Site "Jastrzebia Gora"]
[Date "1899-12-30"]
[Round "1.74"]
[White "Wieczorek, Mikolaj"]
[Black "Garbowski, Jakub"]
[Result "0-1"]
[WhiteTitle "I++"]
[BlackTitle "k"]
[WhiteElo "1903"]
[BlackElo "2129"]

1. d4 d5 2. c4 c6 3. Nf3 Nf6 4. g3 e6 5. Bg2 Nbd7 6. O-O Bd6 7. Nc3 O-O 8. Nd2
h6 9. e4 dxe4 10. Ndxe4 Bc7 11. Qc2 e5 12. d5 cxd5 13. cxd5 Nxe4 14. Qxe4 Nc5
15. Qc2 Bg4 16. Be3 Bb6 17. h3 Bd7 18. Rfd1 Rc8 19. Qe2 f5 20. Bxc5 Bxc5 21. Qxe5
f4 22. g4 f3 23. Bf1 Qb6 24. Rd2 Rce8 25. Qh5 Qd6 26. Bd3 Qg3+ 0-1

[Event "Druzynowe Mistrzostwa Polski - II Liga 2023"]
[Site "Jastrzebia Gora"]
[Date "1899-12-30"]
[Round "1.75"]
[White "Stachanczyk, Jacek"]
[Black "Gibala, Adam"]
[Result "0-1"]
[WhiteTitle "IM"]
[BlackTitle "I"]
[WhiteElo "2126"]
[BlackElo "1828"]

1. c4 e5 2. g3 c6 3. Nf3 e4 4. Nd4 Nf6 5. Nc3 Qb6 6. Nc2 d5 7. d3 exd3 8. Qxd3
dxc4 9. Qxc4 Be6 10. Qf4 Nd5 11. Nxd5 cxd5 12. Bg2 Bd6 13. Qa4+ Nc6 14. O-O O-O
15. Be3 Qxb2 16. Rab1 b5 17. Qxb5 Qxc2 18. Rfc1 Qf5 19. Qxc6 Rfd8 20. Rd1 Be5
21. Qa4 Rac8 22. Bd4 Bxd4 23. Qxd4 Qc2 24. Rb2 Qc5 25. h4 Qa5 26. Rbd2 h6 27.
Qe5 Rc5 28. Qd4 Rdc8 29. Bf3 Rc2 30. Rxc2 Rxc2 31. e4 Qc3 32. Bg2 Qxd4 33. Rxd4
Rc1+ 34. Kh2 Rc4 35. Rd3 dxe4 36. Ra3 Rc2 37. Rxa7 Rxf2 38. Kg1 Re2 39. a4 e3
40. Be4 g6 41. Rc7 Re1+ 42. Kg2 Bg4 43. Bf3 e2 44. Re7 Be6 45. Kf2 Rf1+ 46. Kxe2
Bc4+ 47. Ke3 Re1+ 48. Kd4 Rxe7 49. Kxc4 Re3 50. Bc6 Kf8 51. a5 Ke7 52. a6 Ra3
53. Kb5 Kd6 54. Be8 Kc7 55. Bxf7 Rxg3 56. Bd5 Ra3 57. Bb7 g5 58. hxg5 hxg5 59.
Kb4 Ra1 60. Kc3 Kd6 61. Kd3 Ra4 62. Ke3 Ke5 63. Kf3 g4+ 64. Kg3 Kf5 65. Kg2 Kf4
66. Kf2 Ra2+ 67. Kf1 Kg3 68. Bc8 Kf3 69. Bb7+ Kf4 70. Bc8 Kg3 71. Ke1 Ra4 0-1

[Event "Druzynowe Mistrzostwa Polski - II Liga 2023"]
[Site "Jastrzebia Gora"]
[Date "1899-12-30"]
[Round "1.76"]
[White "Nagly, Wojciech"]
[Black "Musial, Igor"]
[Result "1/2-1/2"]
[WhiteTitle "I"]
[BlackTitle "I+"]
[WhiteElo "1833"]
[BlackElo "2021"]

1. d4 d5 2. Nf3 Nf6 3. e3 c6 4. Be2 Bg4 5. O-O Nbd7 6. c4 e6 7. Nbd2 Bd6 8. h3
Bh5 9. b3 O-O 10. Bb2 Rc8 11. Rc1 Qe7 12. Ne5 Bxe2 13. Qxe2 Ba3 14. Ndf3 Bxb2
15. Qxb2 Nxe5 16. Nxe5 Nd7 17. Nxd7 Qxd7 18. Rfd1 Rfd8 19. Qe2 f5 20. f3 Re8 21.
e4 a6 22. cxd5 cxd5 23. Qe3 fxe4 24. fxe4 dxe4 25. Qxe4 Qd5 1/2-1/2

[Event "Druzynowe Mistrzostwa Polski - II Liga 2023"]
[Site "Jastrzebia Gora"]
[Date "1899-12-30"]
[Round "1.77"]
[White "Krol, Rafal"]
[Black "Dobrowolski, Kamil"]
[Result "1-0"]
[WhiteTitle "I++"]
[BlackTitle "II+"]
[WhiteElo "2018"]
[BlackElo "1648"]

1. Nf3 Nf6 2. g3 g6 3. Bg2 Bg7 4. c4 O-O 5. O-O d5 6. cxd5 Nxd5 7. d4 Na6 8. Nc3
Nxc3 9. bxc3 c5 10. e4 Bg4 11. Be3 Qd7 12. Rb1 cxd4 13. cxd4 b6 14. Qe2 Nc7 15.
Rbc1 Rac8 16. d5 Nb5 17. Qd3 Bxf3 18. Bxf3 Rc3 19. Rxc3 Nxc3 20. Bd4 Bxd4 21.
Qxd4 Rc8 22. h4 h5 23. Kg2 Nxa2 24. e5 Nc3 25. Rc1 Nb5 26. e6 Qd8 27. exf7+ Kxf7
28. Qf4+ Kg8 29. Qh6 Kf7 30. Be4 Rxc1 31. Bxg6+ Kf6 32. Bxh5+ Ke5 33. Qf4+ Kxd5
34. Bf3+ Ke6 35. Qxc1 Qc7 36. Qh6+ Ke5 37. Qg5+ 1-0

[Event "Druzynowe Mistrzostwa Polski - II Liga 2023"]
[Site "Jastrzebia Gora"]
[Date "1899-12-30"]
[Round "1.78"]
[White "Popczynska, Michalina"]
[Black "Pluta, Natalia"]
[Result "1-0"]
[WhiteTitle "I"]
[BlackTitle "I++"]
[WhiteElo "1502"]
[BlackElo "1823"]

1. e4 g6 2. d4 Bg7 3. Nc3 d6 4. Be3 Nf6 5. f3 Nbd7 6. Bc4 e5 7. Nge2 O-O 8. Qd2
exd4 9. Nxd4 Re8 10. O-O-O Ne5 11. Be2 h5 12. h3 a6 13. g4 Bd7 14. gxh5 Nxh5 15.
f4 Ng3 16. fxe5 Nxh1 17. Rxh1 Bxe5 18. h4 Qf6 19. h5 c5 20. Nb3 Bxc3 21. bxc3
Rxe4 22. hxg6 fxg6 23. Bg5 Qe5 24. Bf3 Ra4 25. Bd5+ Be6 26. Bxe6+ Qxe6 27. Qh2
Qe5 28. Qh7+ Kf8 29. Rf1+ Ke8 30. Qf7# 1-0

[Event "Druzynowe Mistrzostwa Polski - II Liga 2023"]
[Site "Jastrzebia Gora"]
[Date "1899-12-30"]
[Round "1.79"]
[White "Gierulski, Kamil"]
[Black "Kumala, Aleksander"]
[Result "0-1"]
[WhiteTitle "k++"]
[BlackTitle "CM"]
[WhiteElo "2256"]
[BlackElo "2165"]

1. Nf3 Nf6 2. c4 Nc6 3. d4 e6 4. a3 g6 5. Nc3 Bg7 6. d5 exd5 7. cxd5 Ne7 8. d6
cxd6 9. e4 O-O 10. Qxd6 Ne8 11. Qd1 d5 12. Nxd5 Nxd5 13. exd5 Nf6 14. Bc4 b5 15.
Ba2 Re8+ 16. Kf1 Bb7 17. Bg5 h6 18. Bxf6 Qxf6 19. Rb1 Rad8 20. g4 Re4 21. h3 Rf4
22. Kg2 h5 23. gxh5 gxh5 24. Rg1 Qf5 25. Rc1 Rxd5 26. Bxd5 Bxd5 27. Qc2 Bxf3+
28. Kh2 Qe5 29. Qc7 Rg4+ 0-1